Statystyki dla Quiz o Ciri

Kliknij tutaj aby rozwiązać quiz!

Ogólne statystyki

  • Ten quiz został rozwiązany 35 razy
  • Średni wynik to 7 z 15

Statystyki odpowiedzi

ZagadnienieOdpowiedź% Poprawnych
Kto uczył Ciri magii?Yennefer
87%
Była noscicielką genuLarry Dorren
83%
Jak nazywał się miecz Ciri?Zirael
80%
Jak nazywał się koń Ciri?Kelpie
70%
Do jakiej grupy należała Cirilla?Szczurów
57%
W jakie święto sie urodziła?Belleteyn
50%
Pierwszy potwór zabity przez Ciri toWywerna
40%
Jaki medalion nosiła przy sobie?Kota
37%
Mając ile lat była zaręczona z Hjalmarem?12
33%
Kto z poniżej wymienionych pokonał Ciri w pojedynku?Leo Bonhart
30%
Kiedy urodziłą się Ciri?1251
27%
Jakiego pseudonimu nie miała Ciri?Lwica z Cintry
27%
Kto zrobił Ciri blizne na twarzy?Stefan Skellen
27%
Kto był jej głównym nauczycielem w Kaer Morhen?Lambert
13%
Gdzie urodziła się Ciri?Skellige
10%

Rozkład punktacji

Percentyl według liczby udzielonych odpowiedzi

Procent ludzi z każdym wynikiem

Twoja historia wyników

Nie rozwiązałeś tego quizu